|
|
|
|
| LEADER |
00750nam a2200193Ia 4500 |
| 001 |
CTU_33517 |
| 008 |
210402s9999 xx 000 0 und d |
| 082 |
|
|
|a 398.095
|
| 082 |
|
|
|b M312/1999
|
| 100 |
|
|
|a Vũ ánh Minh
|
| 245 |
|
0 |
|a Tìm hiểu về tập tục của một số dân tộc ở Đông Nam á
|
| 245 |
|
0 |
|b Luận văn tốt nghiệp Đại học Sư phạm ngành Sử khóa 21
|
| 245 |
|
0 |
|c Vũ ánh Minh
|
| 260 |
|
|
|a Cần Thơ
|
| 260 |
|
|
|b Trường Đại học Cần Thơ, Khoa Sư phạm, Bộ Môn Lịch sử
|
| 260 |
|
|
|c 1999
|
| 650 |
|
|
|a folk literature, asian
|
| 904 |
|
|
|i Nguyễn Quang Điền, 991101
|
| 980 |
|
|
|a Trung tâm Học liệu Trường Đại học Cần Thơ
|